[Event "CHI-ch"]
[Site "Las Condes"]
[Date "2022.02.23"]
[Round "7"]
[White "Diaz Vasquez, Martin"]
[Black "Palma Neira, Eliseo Maximiliano"]
[Result "1/2-1/2"]
[WhiteElo "2253"]
[BlackElo "2029"]
[PlyCount "142"]
[EventDate "2022.02.18"]
[EventType "tourn"]
[EventRounds "11"]
[EventCountry "CHI"]
[SourceTitle "CBM 207 Extra"]
[Source "ChessBase"]
[SourceDate "2022.05.31"]
[SourceVersion "1"]
[SourceVersionDate "2022.05.31"]
[SourceQuality "1"]

1. Nf3 d5 2. b3 Nf6 3. Bb2 c5 4. e3 Nc6 5. Bb5 Bd7 6. 0-0 e6 7. c4 Be7 8. cxd5 exd5 9. d4 cxd4 10. Nxd4 0-0 11. Nxc6 bxc6 12. Bd3 Bd6 13. Nd2 Qe7 14. Qc2 Rfe8 15. Bf5 Ne4 16. Bxd7 Qxd7 17. Rac1 Rac8 18. Rfd1 Ng5 19. Nf1 Qg4 20. Ng3 Bxg3 21. hxg3 Qe6 22. Qc3 f6 23. Qd4 Qd7 24. Qa4 Ne4 25. Bd4 Qf5 26. Rf1 Qd7 27. Rc2 Rc7 28. Rfc1 Rec8 29. Bc5 Kf7 30. g4 h5 31. gxh5 Rh8 32. f3 Ng5 33. Qh4 Kg8 34. Rd2 Qe8 35. Rcd1 Rxh5 36. Qg3 Rd7 37. e4 Qg6 38. Qg4 Rf7 39. f4 f5 40. exf5 Rxf5 41. fxg5 Rfxg5 42. Qc8+ Kh7 43. Be3 Rg4 44. Rf1 Qe4 45. Re2 d4 46. Rf8 dxe3 47. Rh8+ Kg6 48. Qe8+ Qxe8 49. Rxe8 Rc5 50. R8xe3 a5 51. Re4 Rg3 52. Kf2 Rgc3 53. Rg4+ Kf6 54. Ra4 Kf5 55. Re8 Rc2+ 56. Kg1 Rd2 57. Rf8+ Kg5 58. Ra8 Rcc2 59. R8xa5+ c5 60. Kh1 Rc1+ 61. Kh2 Rcc2 62. Kh1 Rc1+ 63. Kh2 Rcc2 64. Kh3 Rc3+ 65. Kh2 Rcc2 66. Kh3 Rc3+ 67. g3 Rcc2 68. Rg4+ Kh5 69. Rh4+ Kg5 70. Rg4+ Kh5 71. Rh4+ Kg5 1/2-1/2

[Event "CHI-ch"]
[Site "Las Condes"]
[Date "2022.02.21"]
[Round "5"]
[White "Diaz Vasquez, Martin"]
[Black "Aguirre Contreras, Cristian Rodrigo"]
[Result "1-0"]
[WhiteElo "2253"]
[BlackElo "2261"]
[PlyCount "71"]
[EventDate "2022.02.18"]
[EventType "tourn"]
[EventRounds "11"]
[EventCountry "CHI"]
[SourceTitle "CBM 207 Extra"]
[Source "ChessBase"]
[SourceDate "2022.05.31"]
[SourceVersion "1"]
[SourceVersionDate "2022.05.31"]
[SourceQuality "1"]

1. Nf3 Nf6 2. b3 c5 3. e3 d5 4. Bb2 a6 5. c4 e6 6. Be2 Be7 7. cxd5 exd5 8. 0-0 0-0 9. d4 Nbd7 10. Nc3 b5 11. dxc5 Nxc5 12. Nd4 Qb6 13. Bf3 Rd8 14. Rc1 b4 15. Nce2 a5 16. Nf4 Ba6 17. Nf5 Bf8 18. Be2 a4 19. Bd4 Nfe4 20. Bxa6 Qxa6 21. Bxg7 Bxg7 22. Qg4 Qf6 23. Nh5 Qg5 24. Qxg5 Nxg5 25. Rxc5 Ne6 26. Rxd5 Rxd5 27. Ne7+ Kf8 28. Nxd5 Bc3 29. Nhf4 axb3 30. axb3 Nc5 31. Ne2 Bd2 32. Nd4 Bc3 33. Nc2 Nd3 34. Rd1 Nxf2 35. Kxf2 Ra2 36. Nxc3 1-0

[Event "CHI-ch"]
[Site "Las Condes"]
[Date "2022.02.20"]
[Round "4"]
[White "Olivares Olivares, Claudio"]
[Black "Diaz Vasquez, Martin"]
[Result "1/2-1/2"]
[WhiteElo "2380"]
[BlackElo "2253"]
[PlyCount "108"]
[EventDate "2022.02.18"]
[EventType "tourn"]
[EventRounds "11"]
[EventCountry "CHI"]
[SourceTitle "CBM 207 Extra"]
[Source "ChessBase"]
[SourceDate "2022.05.31"]
[SourceVersion "1"]
[SourceVersionDate "2022.05.31"]
[SourceQuality "1"]

1. e4 c5 2. Nf3 e6 3. d4 cxd4 4. Nxd4 Nf6 5. Nc3 Nc6 6. Ndb5 Bb4 7. a3 Bxc3+ 8. Nxc3 d5 9. exd5 exd5 10. Bd3 0-0 11. 0-0 d4 12. Ne2 Bg4 13. f3 Bh5 14. Nf4 Bg6 15. Nxg6 hxg6 16. f4 Ne7 17. Qf3 Qb6 18. Bd2 Nf5 19. Rae1 Rfe8 20. Re5 Ne3 21. Re1 Rxe5 22. fxe5 Nfg4 23. Bxe3 Nxe3 24. c3 Nf5 25. Kh1 Qxb2 26. Bxf5 gxf5 27. cxd4 Qxd4 28. Qxb7 Re8 29. Qb3 Re6 30. h3 Qf2 31. Qd1 g6 32. Qc1 Qd4 33. Qc7 Kg7 34. Qa5 f4 35. Qb4 Qf2 36. Qe4 Rb6 37. Qe2 Qg3 38. Rf1 g5 39. a4 a5 40. Qd2 Rb4 41. e6 fxe6 42. Qd7+ Kf6 43. Qd8+ Kg6 44. Qg8+ Kf6 45. Qh8+ Kg6 46. Qg8+ Kf6 47. Qh8+ Kg6 48. Qe5 Qb3 49. Qh8 Rxa4 50. Re1 Re4 51. Qg8+ Kf6 52. Qh8+ Kg6 53. Qg8+ Kf6 54. Qh8+ Kg6 1/2-1/2

[Event "CHI-ch"]
[Site "Las Condes"]
[Date "2022.02.19"]
[Round "3"]
[White "Diaz Vasquez, Martin"]
[Black "Donoso Diaz, Sebastian"]
[Result "1/2-1/2"]
[WhiteElo "2253"]
[BlackElo "2212"]
[PlyCount "33"]
[EventDate "2022.02.18"]
[EventType "tourn"]
[EventRounds "11"]
[EventCountry "CHI"]
[SourceTitle "CBM 207 Extra"]
[Source "ChessBase"]
[SourceDate "2022.05.31"]
[SourceVersion "1"]
[SourceVersionDate "2022.05.31"]
[SourceQuality "1"]

1. Nf3 c5 2. b3 d6 3. c4 e5 4. e3 b5 5. cxb5 e4 6. Ng1 Bb7 7. Bb2 Nd7 8. d4 exd3 9. Qxd3 Ngf6 10. Nf3 d5 11. Qc2 Rc8 12. Be2 d4 13. exd4 cxd4 14. Qd3 Be4 15. Qxd4 Rc2 16. b4 Qe7 17. Kd1 1/2-1/2

[Event "CHI-ch"]
[Site "Las Condes"]
[Date "2022.02.18"]
[Round "1"]
[White "Diaz Vasquez, Martin"]
[Black "Bahamondes Ortiz, Benjamin"]
[Result "1-0"]
[WhiteElo "2253"]
[BlackElo "2164"]
[PlyCount "85"]
[EventDate "2022.02.18"]
[EventType "tourn"]
[EventRounds "11"]
[EventCountry "CHI"]
[SourceTitle "CBM 207 Extra"]
[Source "ChessBase"]
[SourceDate "2022.05.31"]
[SourceVersion "1"]
[SourceVersionDate "2022.05.31"]
[SourceQuality "1"]

1. Nf3 c5 2. b3 d6 3. Bb2 e5 4. e4 Nf6 5. Bb5+ Nc6 6. Bxc6+ bxc6 7. d3 Be7 8. 0-0 0-0 9. Nfd2 Ne8 10. Nc3 f5 11. exf5 Bxf5 12. Nce4 Qd7 13. Qe2 Nc7 14. Ng3 Be6 15. c4 a5 16. a4 Rf4 17. Bc3 Bf7 18. Qe1 Ne6 19. Ne2 Rg4 20. Ne4 Bd8 21. f3 Rg6 22. f4 exf4 23. Nxf4 Nxf4 24. Rxf4 Bb6 25. Qf2 Be6 26. Rf1 Qe7 27. Ng3 d5 28. Nf5 Bxf5 29. Rxf5 h6 30. Rf7 Qd6 31. Rb7 d4 32. Qf7+ Kh7 33. Be1 Rb8 34. Re7 Rg8 35. Bg3 Qd8 36. Be5 Qc8 37. h3 Bd8 38. Rd7 Bg5 39. Qf5 Kh8 40. Qxg6 Qxd7 41. Rf7 Be3+ 42. Kh1 Qe8 43. Bxg7+ 1-0

[Event "Los Angeles Academia"]
[Site "Los Angeles"]
[Date "2019.11.10"]
[Round "4"]
[White "Olave Parra, Hugo"]
[Black "Diaz Vasquez, Martin"]
[Result "0-1"]
[WhiteElo "1786"]
[BlackElo "2240"]
[PlyCount "82"]
[EventDate "2019.10.20"]
[EventType "tourn"]
[EventRounds "7"]
[EventCountry "CHI"]
[SourceTitle "EXT 2021"]
[Source "ChessBase"]
[SourceDate "2020.10.23"]
[SourceVersion "1"]
[SourceVersionDate "2020.10.23"]
[SourceQuality "1"]

1. d4 f5 2. f4 Nf6 3. Nf3 e6 4. e3 b6 5. Bd3 Bb7 6. 0-0 Be7 7. Bd2 0-0 8. Be1 Ne4 9. Nbd2 d6 10. c3 Qe8 11. Bh4 Bxh4 12. Nxh4 Nd7 13. Nxe4 fxe4 14. Bb5 c6 15. Bc4 Qe7 16. Qg4 d5 17. Be2 Rf6 18. Qg5 c5 19. Rac1 Bc6 20. Rf2 Raf8 21. Rcf1 Qf7 22. Bh5 Qe7 23. Be2 a5 24. Kh1 Qe8 25. Bh5 Qb8 26. g3 e5 27. Bg4 exd4 28. Bxd7 Bxd7 29. cxd4 Qd6 30. Rd2 c4 31. Rc1 Re8 32. Kg1 g6 33. Rf2 Kg7 34. f5 h6 35. Qg4 g5 36. Rcf1 Ref8 37. Ng6 Rxg6 38. fxg6 Bxg4 39. Rxf8 Qxf8 40. Rxf8 Kxf8 41. h4 Kg7 0-1

[Event "San Fernando U2300"]
[Site "San Fernando"]
[Date "2017.01.27"]
[Round "1.6"]
[White "Toloza Caldera, Gaston I"]
[Black "Diaz Vasquez, Martin"]
[Result "0-1"]
[WhiteElo "2060"]
[BlackElo "2250"]
[PlyCount "72"]
[EventDate "2017.01.27"]
[EventType "swiss"]
[EventRounds "6"]
[EventCountry "CHI"]
[SourceTitle "EXT 2024"]
[Source "ChessBase"]
[SourceDate "2023.10.10"]
[SourceVersion "1"]
[SourceVersionDate "2023.10.10"]
[SourceQuality "1"]

1. d4 Nf6 2. c4 e6 3. Nf3 Bb4+ 4. Bd2 c5 5. e3 0-0 6. Bd3 Nc6 7. 0-0 d5 8. a3 Bxd2 9. Nbxd2 cxd4 10. exd4 Qb6 11. b4 Nxd4 12. c5 Nxf3+ 13. Nxf3 Qc7 14. Re1 a5 15. Rc1 axb4 16. axb4 Qf4 17. b5 Ra3 18. Qe2 Re8 19. Ne5 Nd7 20. Nxd7 Bxd7 21. c6 bxc6 22. bxc6 Bc8 23. Qc2 g6 24. Ra1 Qb4 25. Reb1 Rxa1 26. Rxa1 Re7 27. c7 Qb7 28. Rc1 Qb6 29. h4 e5 30. h5 Kg7 31. Qd2 Rxc7 32. h6+ Kf6 33. Rb1 Qd4 34. Rb4 Qc3 35. Rb6+ Be6 36. Qa2 Qxd3 0-1

[Event "Concepcion IRT-A"]
[Site "Concepcion"]
[Date "2016.08.21"]
[Round "4"]
[White "Diaz Vasquez, Martin"]
[Black "Caceres Leal, Jaime"]
[Result "1-0"]
[WhiteElo "2248"]
[BlackElo "2120"]
[PlyCount "47"]
[EventDate "2016.08.19"]
[EventType "tourn"]
[EventRounds "5"]
[EventCountry "CHI"]
[SourceTitle "EXT 2024"]
[Source "ChessBase"]
[SourceDate "2023.10.10"]
[SourceVersion "1"]
[SourceVersionDate "2023.10.10"]
[SourceQuality "1"]

1. e4 e5 2. Nf3 Nf6 3. d4 Nxe4 4. Bd3 d5 5. Nxe5 Bd6 6. 0-0 0-0 7. c4 c6 8. cxd5 cxd5 9. Qh5 Nc6 10. Nxc6 bxc6 11. f3 g6 12. Qh6 Qb6 13. fxe4 Qxd4+ 14. Qe3 Qe5 15. g3 Re8 16. Qf2 dxe4 17. Bf4 Bc5 18. Bxe5 Bxf2+ 19. Rxf2 exd3 20. Bc3 Bg4 21. Nd2 Be2 22. Rf6 Re6 23. Rxe6 fxe6 24. Bd4 1-0

[Event "Talcahuano"]
[Site "Talcahuano"]
[Date "2012.07.02"]
[Round "8"]
[White "Vizama Riveros, Claudio"]
[Black "Diaz Vasquez, Martin"]
[Result "0-1"]
[WhiteElo "2256"]
[BlackElo "2212"]
[PlyCount "70"]
[EventDate "2012.06.02"]
[EventType "tourn"]
[EventRounds "9"]
[EventCountry "CHI"]
[SourceTitle "CBM 149 Extra"]
[Source "ChessBase"]
[SourceDate "2012.08.24"]
[SourceVersion "1"]
[SourceVersionDate "2012.08.24"]
[SourceQuality "1"]

1. d4 d5 2. Nf3 Nf6 3. c4 e6 4. Nc3 Bb4 5. cxd5 exd5 6. Bg5 h6 7. Bxf6 Qxf6 8. Rc1 0-0 9. e3 c6 10. Bd3 Bd6 11. h3 Re8 12. g4 Be6 13. Kf1 Nd7 14. Kg2 Nf8 15. Ne2 Ng6 16. Ng3 Rac8 17. Nf5 Bb8 18. h4 h5 19. g5 Qd8 20. Qc2 Nf8 21. Ne5 c5 22. Qe2 cxd4 23. exd4 Rxc1 24. Rxc1 Ng6 25. Nxg6 fxg6 26. Ne3 Qd6 27. Rh1 Bg4 28. Qd2 Qf4 29. Be2 Qe4+ 30. Kg1 Qb1+ 31. Kg2 Qe4+ 32. Kg1 Bf4 33. Bxg4 hxg4 34. Qc2 Qf3 35. Qb3 Bxe3 0-1

[Event "Talcahuano"]
[Site "Talcahuano"]
[Date "2012.07.01"]
[Round "6"]
[White "Salinas Herrera, Pablo Patricio"]
[Black "Diaz Vasquez, Martin"]
[Result "1-0"]
[WhiteElo "2409"]
[BlackElo "2212"]
[PlyCount "77"]
[EventDate "2012.06.02"]
[EventType "tourn"]
[EventRounds "9"]
[EventCountry "CHI"]
[SourceTitle "CBM 149 Extra"]
[Source "ChessBase"]
[SourceDate "2012.08.24"]
[SourceVersion "1"]
[SourceVersionDate "2012.08.24"]
[SourceQuality "1"]

1. Nf3 d5 2. c4 e6 3. g3 Nf6 4. b3 Be7 5. Bg2 0-0 6. Bb2 c5 7. e3 Nc6 8. 0-0 b6 9. Qe2 Bb7 10. d4 Qc7 11. dxc5 bxc5 12. cxd5 exd5 13. Nh4 Nb4 14. Nc3 Ba6 15. Nb5 Qd7 16. a4 Ne4 17. Rfd1 Qe6 18. Qf3 Bxb5 19. axb5 g6 20. Bf1 Rfd8 21. Ra4 f5 22. Qe2 Bf6 23. Ng2 Nc3 24. Bxc3 Bxc3 25. Nf4 Qe5 26. Bg2 Kh8 27. h4 Rd7 28. b6 a6 29. b7 Rb8 30. Rxb4 cxb4 31. Rxd5 Rxd5 32. Bxd5 Qd6 33. Qc4 Rd8 34. Ne6 Re8 35. Qc8 Qb8 36. Qd7 Bf6 37. Qf7 Bc3 38. Ng5 Bg7 39. Qg8+ 1-0

[Event "Talcahuano"]
[Site "Talcahuano"]
[Date "2012.06.02"]
[Round "2"]
[White "Rojas Sepulveda, Eduardo"]
[Black "Diaz Vasquez, Martin"]
[Result "1/2-1/2"]
[WhiteElo "2315"]
[BlackElo "2212"]
[PlyCount "38"]
[EventDate "2012.06.02"]
[EventType "tourn"]
[EventRounds "9"]
[EventCountry "CHI"]
[SourceTitle "CBM 149 Extra"]
[Source "ChessBase"]
[SourceDate "2012.08.24"]
[SourceVersion "1"]
[SourceVersionDate "2012.08.24"]
[SourceQuality "1"]

1. d4 Nf6 2. Nf3 e6 3. Bg5 c5 4. e3 Be7 5. Nbd2 b6 6. Bd3 Bb7 7. Qe2 d6 8. c3 Nbd7 9. e4 cxd4 10. cxd4 0-0 11. 0-0 e5 12. Rfe1 Re8 13. Ba6 Bxa6 14. Qxa6 Qc8 15. Qd3 Qb7 16. Rad1 b5 17. Nf1 Bf8 18. Ng3 g6 19. h3 Rec8 1/2-1/2

[Event "Fuerzas del Sur"]
[Site "Fuerzas del Sur"]
[Date "2012.02.10"]
[Round "4"]
[White "Salinas Herrera, Pablo Patricio"]
[Black "Diaz Vasquez, Martin"]
[Result "1-0"]
[WhiteElo "2351"]
[BlackElo "2201"]
[PlyCount "73"]
[EventDate "2012.02.09"]
[EventType "tourn"]
[EventRounds "7"]
[EventCountry "CHI"]
[SourceTitle "CBM 147 Extra"]
[Source "ChessBase"]
[SourceDate "2012.04.24"]
[SourceVersion "1"]
[SourceVersionDate "2012.04.24"]
[SourceQuality "1"]

1. d4 Nf6 2. Nf3 e6 3. c4 d5 4. Nc3 Nbd7 5. Bg5 c6 6. e3 Qa5 7. cxd5 Nxd5 8. Qd2 Bb4 9. Rc1 0-0 10. Bc4 N7f6 11. Bxd5 Nxd5 12. e4 Nxc3 13. bxc3 Ba3 14. Rb1 c5 15. Rb3 cxd4 16. cxd4 Qxd2+ 17. Kxd2 Bd6 18. Rc1 h6 19. e5 hxg5 20. exd6 f6 21. Rc7 Rd8 22. Rbc3 Rb8 23. Re7 Bd7 24. Rc7 Bc6 25. Rxg7+ Kh8 26. Rh7+ Kg8 27. Rcg7+ Kf8 28. d7 Be4 29. Rf7+ Kg8 30. Rhg7+ Kh8 31. Re7 Bc6 32. h4 g4 33. Nh2 f5 34. h5 Be4 35. h6 f4 36. Nxg4 Bf5 37. Nf6 1-0

[Event "CHI-ch 0708"]
[Site "Santiago de Chile"]
[Date "2008.02.22"]
[Round "9"]
[White "Diaz Vasquez, Martin"]
[Black "Valenzuela Fuentealba, Luis"]
[Result "1/2-1/2"]
[WhiteElo "2141"]
[BlackElo "2434"]
[PlyCount "54"]
[EventDate "2008.02.16"]
[EventType "tourn"]
[EventRounds "11"]
[EventCountry "CHI"]
[SourceTitle "EXT 2012"]
[Source "ChessBase"]
[SourceDate "2011.11.24"]
[SourceVersion "1"]
[SourceVersionDate "2011.11.24"]
[SourceQuality "1"]

1. e4 c5 2. Nf3 d6 3. d4 cxd4 4. Nxd4 Nf6 5. Nc3 a6 6. Bc4 e6 7. Bb3 b5 8. 0-0 Be7 9. Qf3 Qc7 10. Qg3 0-0 11. Bh6 Ne8 12. Rfe1 b4 13. Nce2 Bf6 14. Rad1 Nc6 15. Nxc6 Qxc6 16. Nd4 Qc7 17. Kh1 Kh8 18. Bc1 Qc5 19. Be3 Qc7 20. Bc1 Bd7 21. a3 bxa3 22. bxa3 Qa5 23. f4 Rd8 24. e5 dxe5 25. fxe5 Be7 26. Bg5 Qc5 27. Rd3 Bxg5 1/2-1/2

[Event "CHI-ch 0708"]
[Site "Santiago de Chile"]
[Date "2008.02.19"]
[Round "5"]
[White "Diaz Vasquez, Martin"]
[Black "Meruvia Meruvia, Juan Francisco"]
[Result "0-1"]
[WhiteElo "2141"]
[BlackElo "1983"]
[PlyCount "70"]
[EventDate "2008.02.16"]
[EventType "tourn"]
[EventRounds "11"]
[EventCountry "CHI"]
[SourceTitle "EXT 2012"]
[Source "ChessBase"]
[SourceDate "2011.11.24"]
[SourceVersion "1"]
[SourceVersionDate "2011.11.24"]
[SourceQuality "1"]

1. d4 Nf6 2. Nf3 g6 3. g3 Bg7 4. c4 c5 5. Bg2 cxd4 6. Nxd4 0-0 7. 0-0 Nc6 8. Nb3 d6 9. Nc3 Be6 10. Nd5 Ne5 11. Nxf6+ Bxf6 12. Bxb7 Nxc4 13. Bxa8 Qxa8 14. f3 Bh3 15. Rf2 a5 16. a4 Qa7 17. Qd3 Rc8 18. Rb1 Bf5 19. e4 Bd7 20. Kg2 Bxa4 21. Bh6 Bb5 22. Rc2 Ne3+ 23. Bxe3 Rxc2+ 24. Qxc2 Qxe3 25. Rc1 Be2 26. Nd2 Bd4 27. b3 Qf2+ 28. Kh3 Bb5 29. Qd1 Bd7+ 30. g4 h5 31. Nf1 hxg4+ 32. fxg4 f5 33. exf5 gxf5 34. Ng3 fxg4+ 35. Kh4 Bf6+ 0-1

[Event "CHI-ch 0708"]
[Site "Santiago de Chile"]
[Date "2008.02.17"]
[Round "2"]
[White "Diaz Vasquez, Martin"]
[Black "Arancibia Guzman, Eduardo"]
[Result "0-1"]
[WhiteElo "2141"]
[BlackElo "2389"]
[PlyCount "110"]
[EventDate "2008.02.16"]
[EventType "tourn"]
[EventRounds "11"]
[EventCountry "CHI"]
[SourceTitle "EXT 2012"]
[Source "ChessBase"]
[SourceDate "2011.11.24"]
[SourceVersion "1"]
[SourceVersionDate "2011.11.24"]
[SourceQuality "1"]

1. d4 Nf6 2. Nf3 c5 3. c4 e6 4. Nc3 a6 5. e4 cxd4 6. Nxd4 Bb4 7. Bd3 Nc6 8. Nc2 Be7 9. 0-0 0-0 10. Be3 d6 11. Rc1 b6 12. f3 Bb7 13. Qe2 Ne5 14. Rfd1 Qc7 15. Nd4 Nxd3 16. Qxd3 Rac8 17. b3 Rfd8 18. Qe2 Re8 19. Qf2 Ba8 20. Nde2 Nd7 21. Nf4 Qb8 22. Nh5 g6 23. Nf4 b5 24. cxb5 axb5 25. h4 b4 26. Na4 Qb5 27. h5 Bb7 28. hxg6 hxg6 29. Qe2 Qa5 30. g4 Bc6 31. Nb2 Bb5 32. Nc4 Bxc4 33. Rxc4 Rxc4 34. Qxc4 Qxa2 35. Nxg6 Bf8 36. Nxf8 Ne5 37. Qf1 Rxf8 38. Bd4 Qxb3 39. Bxe5 dxe5 40. Rb1 Qc3 41. Qc1 Qxc1+ 42. Rxc1 Rb8 43. Rb1 b3 44. Rb2 Kg7 45. Kf2 Kg6 46. Ke2 Kg5 47. Ke3 f6 48. Kf2 Kf4 49. Kg2 Ke3 50. Kg3 Kd3 51. g5 Kc3 52. Rb1 Kc2 53. Rh1 fxg5 54. Kg4 b2 55. Kxg5 Rf8 0-1